| 000 | 00490nam a2200169 4500 | ||
|---|---|---|---|
| 001 | 109106 | ||
| 003 | ES-MaACL | ||
| 005 | 20230906184757.0 | ||
| 007 | t| | ||
| 008 | 061121s1973 sp r ||||1| spa d | ||
| 100 | 1 |
_aMozziconacci, P. _984007 |
|
| 245 | 1 | 0 |
_aEnfermedades infecciosas del niño _b: Progresos recientes / _cP. Mozziconacci. |
| 250 | _a1ª. ed. | ||
| 260 |
_aBarcelona : _bJims, _c1973. |
||
| 300 |
_aXV, 365 p., 1 lám. ; _c24 cm. |
||
| 852 |
_aES-MaACL _jC-52798 _bR.86051 |
||
| 999 |
_c109106 _d109106 |
||